000 00826nam a22001697a 4500
003 OSt
005 20251126101311.0
008 251126b |||||||| |||| 00| 0 eng d
040 _cDCL
082 _a၂၉၄.၃၈၂၃၂၁
130 _aတိပိဋက။
_pသုတ္တန္တပိဋက။
_pမဇ္ဈိမနိကာယ။
_tမူလပဏ္ဏာသ၊
_lအဋ္ဌကထာ။
245 _aမူလပဏ္ဏာသ အဋ္ဌကထာ။
264 _aရန်ကုန် ၊
_bနိုင်ငံတော်ဗုဒ္ဓသာသနာအဖွဲ့၊
_c၁၉၆၄။
300 _a၃၇၈ စာမျက်နှာ ၊
_c၂၅ စင်တီ။
650 _aမူလပဏ္ဏာသ
_vအဋ္ဌကထာ။
942 _2ddc
_cSHORT TERM
_n0
999 _c2623
_d2623